Sports Quiz

Random Sports or WWE Quiz

All Championship matches in WWE 2017 Quiz Stats

 Plays Quiz not verified by Sporcle

Score 0/156 Timer 10:00
0 Plays Today
Championship Participants % Correct
WWE ChampionshipJohn Cena (c) vs AJ Styles vs Bray Wyatt vs The Miz vs Dean Ambrose vs Baron Corbin
99.6%
WWE ChampionshipBray Wyatt (c) vs AJ Styles vs John Cena
99.4%
WWE ChampionshipJohn Cena vs AJ Styles (c)
99.4%
Universal ChampionshipKevin Owens (c) vs Roman Reigns
99.2%
Universal ChampionshipBrock Lesnar (c) vs Roman Reigns vs Samoa Joe vs Braun Strowman
99.2%
United States ChampionshipRoman Reigns (c) vs Chris Jericho & Kevin Owens
99.2%
United States ChampionshipKevin Owens (c) vs AJ Styles
99.1%
United States ChampionshipKevin Owens vs AJ Styles (c)
99.1%
United States ChampionshipKevin Owens (c) vs AJ Styles vs Chris Jericho
99.1%
United States ChampionshipAJ Styles (c) vs Kevin Owens
99.1%
United States ChampionshipAJ Styles (c) vs Kevin Owens
99.1%
United States ChampionshipAJ Styles (c) vs Kevin Owens
99.1%
Intercontinental ChampionshipThe Miz (c) vs Roman Reigns
99.1%
Intercontinental ChampionshipThe Miz (c) vs Roman Reigns
99.1%
Universal ChampionshipGoldberg (c) vs Brock Lesnar
98.8%
Universal ChampionshipBrock Lesnar (c) vs Samoa Joe
98.8%
SmackDown Tag Team ChampionshipsAmerican Alpha (c) vs The Wyatt Family
98.8%
Universal ChampionshipBrock Lesnar (c) vs Braun Strowman
98.8%
WWE ChampionshipJinder Mahal (c) vs AJ Styles
98.7%
Universal ChampionshipKevin Owens (c) vs Goldberg
98.7%
WWE ChampionshipRandy Orton (c) vs Jinder Mahal
98.7%
WWE ChampionshipJinder Mahal (c) vs Randy Orton
98.7%
WWE ChampionshipJinder Mahal (c) vs Randy Orton
98.7%
Intercontinental ChampionshipDean Ambrose vs The Miz (c)
98.7%
Intercontinental ChampionshipDean Ambrose (c) vs The Miz
98.7%
Intercontinental ChampionshipThe Miz vs Dean Ambrose (c)
98.7%
Intercontinental ChampionshipThe Miz vs Dean Ambrose (c)
98.7%
Intercontinental ChampionshipThe Miz (c) vs Dean Ambrose
98.7%
Raw Tag Team ChampionshipsSheamus & Cesaro (c) vs The Shield
98.7%
Intercontinental ChampionshipRoman Reigns (c) vs Cesaro
98.7%
WWE ChampionshipAJ Styles (c) vs Jinder Mahal
98.6%
United States ChampionshipChris Jericho (c) vs Kevin Owens
98.6%
United States ChampionshipKevin Owens (c) vs Chris Jericho
98.6%
United States ChampionshipChris Jericho (c) vs Kevin Owens
98.6%
Raw Tag Team ChampionshipsSeth Rollins & Dean Ambrose (c) vs Sheamus & Cesaro
98.6%
United States ChampionshipAJ Styles (c) vs Baron Corbin vs Tye Dillinger
98.6%
United States ChampionshipBaron Corbin (c) vs AJ Styles
98.5%
Universal ChampionshipKevin Owens (c) vs Braun Strowman
98.5%
Raw Tag Team ChampionshipsSeth Rollins & Dean Ambrose (c) vs Sheamus & Cesaro
98.5%
WWE ChampionshipBray Wyatt (c) vs Randy Orton
98.5%
Raw Tag Team ChampionshipsSheamus & Cesaro (c) Seth Rollins & Dean Ambrose
98.4%
Intercontinental ChampionshipRoman Reigns (c) vs Samoa Joe
98.2%
United States ChampionshipAJ Styles (c) vs Tye Dillinger
98.2%
WWE ChampionshipJinder Mahal (c) vs Shinsuke Nakamura
98.2%
United States ChampionshipAJ Styles (c) vs Tye Dillinger
98.2%
WWE ChampionshipJinder Mahal (c) vs Shinsuke Nakamura
98.2%
United States ChampionshipRoman Reigns (c) vs Chris Jericho
98.2%
United States ChampionshipChris Jericho (c) vs Roman Reigns
98.2%
Intercontinental ChampionshipThe Miz (c) vs Jeff Hardy
98.1%
Raw Tag Team ChampionshipsSheamus & Cesar (c) vs Seth Rollins & Jason Jordan
98.1%
Intercontinental ChampionshipThe Miz (c) vs Matt Hardy
98.1%
Raw Tag Team ChampionshipsLuke Gallows & Karl Anderson (c) vs Sheamus & Cesaro vs Enzo Amore & Big Cass vs The Hardy Boyz
98%
Championship Participants % Correct
United States ChampionshipKevin Owens (c) vs Chad Gable
97.9%
Intercontinental ChampionshipDean Ambrose (c) vs Baron Corbin
97.9%
WWE ChampionshipJinder Mahal (c) vs Baron Corbin
97.8%
Intercontinental ChampionshipThe Miz (c) vs Jason Jordan
97.7%
Raw Tag Team ChampionshipsThe Hardy Boyz (c) vs Sheamus & Cesaro
97.6%
Raw Tag Team ChampionshipsThe Hardy Boyz (c) vs Sheamus & Cesaro
97.6%
Raw Tag Team ChampionshipsSheamus & Cesaro (c) vs The Hardy Boyz
97.6%
Raw Tag Team ChampionshipsSheamus & Cesaro (c) vs The Hardy Boyz
97.6%
Raw Women's ChampionshipBayley (c) Charlotte Flair vs Nia Jax vs Sasha Banks
97.5%
Intercontinental ChampionshipRoman Reigns (c) vs Elias
97.5%
Raw Women's ChampionshipCharlotte Flair (c) vs Bayley
97.4%
Raw Women's ChampionshipCharlotte Flair (c) vs Bayley
97.4%
Raw Women's ChampionshipBayley (c) vs Charlotte Flair
97.4%
SmackDown Women's ChampionshipAlexa Bliss (c) vs Becky Lynch vs Naomi vs Carmella vs Mickie James vs Natalya
97.4%
SmackDown Tag Team ChampionshipsThe Usos (c) vs The New Day
97.3%
Raw Women's ChampionshipAlexa Bliss (c) vs Sasha Banks
97.3%
Raw Women's ChampionshipAlexa Bliss (c) vs Sasha Banks
97.3%
Raw Women's ChampionshipSasha Banks (c) vs Alexa Bliss
97.3%
SmackDown Tag Team ChampionshipsAmerican Alpha (c) wins a Tag Team Turmoil match
97.3%
Raw Women's ChampionshipAlexa Bliss (c) vs Bayley vs Nia Jax vs Emma vs Sasha Banks
97.3%
Intercontinental ChampionshipThe Miz (c) vs Heath Slater
97.2%
Raw Women's ChampionshipBayley (c) vs Alexa Bliss
97.2%
Raw Women's ChampionshipAlexa Bliss (c) vs Bayley
97.2%
SmackDown Women's ChampionshipAlexa Bliss (c) Naomi
97.2%
SmackDown Women's ChampionshipNaomi (c) vs Alexa Bliss
97.2%
SmackDown Women's ChampionshipNaomi (c) vs Charlotte Flair
97.2%
SmackDown Tag Team ChampionshipsThe Usos (c) vs The New Day
97.2%
SmackDown Tag Team ChampionshipsThe Usos (c) vs The New Day
97.2%
SmackDown Tag Team ChampionshipsThe New Day (c) vs The Usos
97.2%
Raw Women's ChampionshipAlexa Bliss (c) vs Nia Jax
97.2%
SmackDown Women's ChampionshipNatalya (c) vs Charlotte Flair
97.1%
SmackDown Women's ChampionshipAlexa Bliss (c) vs Becky Lynch
97%
SmackDown Women's ChampionshipAlexa Bliss vs Becky Lynch
97%
Raw Tag Team ChampionshipsSheamus & Cesaro (c) vs Luke Gallows & Karl Anderson
97%
Raw Tag Team ChampionshipsSheamus & Cesaro (c) vs Luke Gallows & Karl Anderson
97%
Raw Tag Team ChampionshipsLuke Gallows & Karl Anderson (c) vs Sheamus & Cesaro
97%
SmackDown Tag Team ChampionshipsThe Usos (c) vs The New Day
97.1%
SmackDown Tag Team ChampionshipsAmerican Alpha (c) vs The Usos
97%
SmackDown Tag Team ChampionshipsThe Usos (c) vs American Alpha
97%
United States ChampionshipBaron Corbin (c) vs Bobby Roode vs Dolph Ziggler
97%
SmackDown Women's ChampionshipCharlotte Flair (c) vs Natalya
96.9%
SmackDown Tag Team ChampionshipsThe Usos (c) vs The New Day vs Chad Gable & Shelton Benjamin vs Rusev & Aiden English
96.9%
SmackDown Women's ChampionshipCharlotte Flair (c) vs Natalya
96.9%
SmackDown Women's ChampionshipNaomi (c) vs Natalya
96.8%
SmackDown Women's ChampionshipNatalya (c) vs Naomi
96.8%
Raw Women's ChampionshipAlexa Bliss (c) vs Mickie James
96.7%
Raw Tag Team ChampionshipsThe Hardy Boyz (c) vs Luke Gallows & Karl Anderson
96.6%
Cruiserweight ChampionshipNeville (c) vs Enzo Amore
96.5%
SmackDown Women's ChampionshipNaomi (c) vs Lana
96.4%
SmackDown Women's ChampionshipNaomi (c) vs Lana
96.4%
SmackDown Women's ChampionshipNaomi (c) vs Lana
96.4%
Raw Tag Team ChampionshipsLuke Gallows & Karl Anderson (c) vs Enzo Amore & Big Cass
96.4%
Championship Participants % Correct
Raw Tag Team ChampionshipsLuke Gallows & Karl Anderson (c) vs Enzo Amore & Big Cass
96.4%
SmackDown Tag Team ChampionshipsThe Usos (c) vs Breezango
96.1%
SmackDown Tag Team ChampionshipsThe Usos (c) vs Breezango
96.1%
Cruiserweight ChampionshipRich Swann (c) vs Neville
95.8%
Cruiserweight ChampionshipNeville (c) vs Rich Swann
95.8%
Cruiserweight ChampionshipNeville (c) vs Austin Aries
95.8%
Cruiserweight ChampionshipNeville (c) vs Austin Aries
95.8%
Cruiserweight ChampionshipNeville (c) vs Austin Aries
95.8%
Cruiserweight ChampionshipKalisto (c) vs Enzo Amore
95.8%
Cruiserweight ChampionshipNeville (c) vs Akira Tozawa
95.7%
Cruiserweight ChampionshipNeville (c) vs Akira Tozawa
95.7%
Cruiserweight ChampionshipAkira Tozawa (c) vs Neville
95.7%
Cruiserweight ChampionshipNeville (c) vs Akira Tozawa
95.7%
Cruiserweight ChampionshipEnzo Amore (c) vs Kalisto
95.7%
Cruiserweight ChampionshipNeville (c) vs Jack Gallagher
95.7%
Cruiserweight ChampionshipNeville (c) vs TJP
95.6%
Cruiserweight ChampionshipEnzo Amore (c) vs Kalisto
95.5%
NXT ChampionshipShinsuke Nakamura (c) vs Bobby Roode
95.3%
NXT ChampionshipBobby Roode (c) vs Shinsuke Nakamura
95.3%
United States ChampionshipChris Jericho (c) vs Sami Zayn
94.8%
NXT ChampionshipBobby Roode (c) vs Drew McIntyre
94.5%
NXT ChampionshipBobby Roode (c) vs Hideo Itami
93.8%
NXT ChampionshipBobby Roode (c) vs Roderick Strong
93.8%
NXT Women's ChampionshipAsuka (c) vs Ember Moon
93.8%
NXT Women's ChampionshipAsuka (c) vs Ember Moon
93.8%
NXT ChampionshipBobby Roode (c) vs Kassius Ohno
93.7%
NXT Women's ChampionshipAsuka (c) vs Billie Kay vs Nikki Cross vs Peyton Royce
93.7%
NXT Women's ChampionshipAsuka (c) vs Nikki Cross vs Ruby Riot
93.7%
NXT Women's ChampionshipAsuka (c) vs Nikki Cross vs Ruby Riot
93.7%
NXT Women's ChampionshipAsuka (c) vs Nikki Cross
93.7%
NXT Women's ChampionshipAsuka (c) vs Peyton Royce
93.5%
NXT Women's ChampionshipEmber Moon vs Kairi Sane vs Nikki Cross vs Peyton Royce
92.6%
NXT ChampionshipDrew McIntyre (c) vs Roderick Strong
92.2%
NXT ChampionshipDrew McIntyre (c) vs Andrade 'Cien' Almas
92.2%
United Kingdom ChampionshipPete Dunne (c) vs Johnny Gargano
91.3%
NXT Tag Team ChampionshipsThe Authors of Pain (c) vs #DIY vs The Revival
90.5%
NXT Tag Team ChampionshipsSAnitY (c) vs The Authors of Pain
90.5%
NXT Tag Team ChampionshipsThe Authors of Pain vs #DIY (c)
90.2%
NXT Tag Team ChampionshipsThe Authors of Pain (c) vs #DIY
90.2%
NXT Tag Team ChampionshipsThe Authors of Pain (c) vs #DIY
90.2%
United Kingdom ChampionshipTyler Bate vs Pete Dunne
90.2%
United Kingdom ChampionshipTyler Bate (c) vs Pete Dunne
90.2%
NXT Tag Team ChampionshipsThe Authors of Pain (c) vs SAnitY
89.9%
United Kingdom ChampionshipTyler Bate (c) vs Gentleman Jack Gallagher
89.8%
United Kingdom ChampionshipPete Dunne (c) vs Wolfgang
89.8%
United Kingdom ChampionshipTyler Bate (c) vs Trent Seven
89.6%
United Kingdom ChampionshipTyler Bate (c) vs Mark Andrews
89.5%
United Kingdom ChampionshipTyler Bate (c) vs Mark Andrews
89.5%
NXT Tag Team ChampionshipsSAnitY (c) vs Undisputed Era
89.4%
United Kingdom ChampionshipPete Dunne (c) vs BT Gunn vs Trent Seven vs Wolfgang
89.3%
NXT Tag Team Championships#DIY (c) vs The Revival
89%
NXT Tag Team ChampionshipsThe Authors of Pain (c) vs Heavy Machinery
88.2%

You're not logged in!

Compare scores with friends on all Sporcle quizzes.
OR
Log In

Sporcle TV

Today on Sporcle TV


Watch our educational content, quiz creation guides, and fun videos on Sporcle TV.

Show Comments

Extras

Top Quizzes Today


Score Distribution

Your Account Isn't Verified!

In order to create a playlist on Sporcle, you need to verify the email address you used during registration. Go to your Sporcle Settings to finish the process.

Report this User

Report this user for behavior that violates our Community Guidelines.

Details: